Folklore y turismo: un aporte teórico /

El objetivo de este trabajo es establecer algunas relaciones sistemáticas entre las conceptualizaciones referidas, por un lado, al fenómeno turístico y por otro, al comportamiento folklórico y al hecho de como a través de las interrelaciones se pueden explicar procesos en que ambos estén en juego. P...

Полное описание

Сохранить в:
Библиографические подробности
Главный автор: Dupey, Ana María
Формат: Текст
Предметы:
Метки: Добавить метку
Нет меток, Требуется 1-ая метка записи!

MARC

LEADER 00000 a a2200000 04500
001 8157
003
040
100 |a Dupey, Ana María  
245 |a Folklore y turismo:   |b un aporte teórico /  |c Ana María Dupey  
520 |a El objetivo de este trabajo es establecer algunas relaciones sistemáticas entre las conceptualizaciones referidas, por un lado, al fenómeno turístico y por otro, al comportamiento folklórico y al hecho de como a través de las interrelaciones se pueden explicar procesos en que ambos estén en juego. Previamente se definirán algunas perspectivas teóricas sobre la actividad turística y se establecerán conexiones con el fenómeno folklórico (este último en su acepción de comportamiento comunitario), altamente identificatorio para quienes lo llevan a cabo. REV//jmml  
650 |a FOLKLORE  
650 |a TURISMO  
650 |a SOCIEDAD  
650 |a OCIO  
650 |a CULTURA  
773 |g número 56; páginas 11-17  
999 |c 21246  |d 21246